| 000 | 01264nam a22002897a 4500 | ||
|---|---|---|---|
| 001 | 4858 | ||
| 003 | FISKH | ||
| 005 | 20241018100711.0 | ||
| 008 | 241018b cb ||||| |||| 00| 0 eng d | ||
| 020 | _a9780194790581 | ||
| 040 |
_aFISKH _beng _cFISKH _dFISKH |
||
| 050 | _aPE1126.A4 | ||
| 082 | _a428.6 | ||
| 100 | _aStoker, Bram | ||
| 245 |
_aDracula / _cby Bram Stoker |
||
| 260 |
_aNew York : _bOxford University Press ; _c2008 . |
||
| 300 |
_a56 pages : _billustrations ; _c21 cm . |
||
| 490 |
_aOxford Bookworms _vStage 2 |
||
| 505 | _aO | ||
| 520 | _a"In the mountains of Transylvania there stands a castle. It is the home of Count Dracula - a dark, lonely place, and at night the wolves howl around the walls. In the year 1875 Jonathan Harker comes from England to do business with the Count. But Jonathan does not feel comfortable at Castle Dracula. Strange things happen at night, and very soon, he begins to feel afraid. And he is right ot be afraid, because Count Dracula is one of the Un-Dead - a vampire that drinks the blood of living people.."--Cover. | ||
| 521 | 8 |
_a610
_bLexile |
|
| 521 | 8 |
_aO
_bRaz-Plus |
|
| 650 |
_avampires _vhorror |
||
| 700 |
_aMowat, Doane _eillustrator |
||
| 942 |
_2ddc _cBK _n0 |
||
| 999 |
_c4858 _d4858 |
||